Concepts of modern physics
This text is written for a one-semester Modern Physics course and is designed for students who already have a grounding in basic physics and calculus. Relativity and quantum ideas are cosidered first to provide a framework for understanding the physics of atoms and nuclei. The theory of the atom is...
Uloženo v:
| Hlavní autor: | |
|---|---|
| Médium: | Kniha |
| Jazyk: | Undetermined |
| Vydáno: |
New York
McGraw-Hill
1987
|
| Témata: | |
| Tagy: |
Přidat tag
Žádné tagy, Buďte první, kdo otaguje tento záznam!
|
| Thư viện lưu trữ: | Trung tâm Học liệu Trường Đại học Cần Thơ |
|---|
| LEADER | 01224nam a2200205Ia 4500 | ||
|---|---|---|---|
| 001 | CTU_186782 | ||
| 008 | 210402s9999 xx 000 0 und d | ||
| 020 | |c 14.73 | ||
| 082 | |a 530 | ||
| 082 | |b B423 | ||
| 100 | |a Beiser, Arthur | ||
| 245 | 0 | |a Concepts of modern physics | |
| 245 | 0 | |c Arthur Beiser | |
| 260 | |a New York | ||
| 260 | |b McGraw-Hill | ||
| 260 | |c 1987 | ||
| 520 | |a This text is written for a one-semester Modern Physics course and is designed for students who already have a grounding in basic physics and calculus. Relativity and quantum ideas are cosidered first to provide a framework for understanding the physics of atoms and nuclei. The theory of the atom is then developed, with emphasis on quantum-mechanical notions. This is followed by a discussion of the properties of aggregates of atoms, which includes a look at statistical mechanics. Finally, atomic nuclei and elementary particles are examined. New features include: second colour for emphasis; twice as many photographs; twice as many worked examples; and 25% more questions. | ||
| 650 | |a Physics,Modern physics,Vật lý,Vật lý hiện đại | ||
| 904 | |i Trúc | ||
| 980 | |a Trung tâm Học liệu Trường Đại học Cần Thơ | ||